Examples for the Design of Structural Concrete with Strut-and-Tie Models / (Record no. 2703)
[ view plain ]
| 000 -LEADER | |
|---|---|
| fixed length control field | 01499nac a22003011u 4500 |
| 008 - FIXED-LENGTH DATA ELEMENTS--GENERAL INFORMATION | |
| fixed length control field | 100913t xxu||||| |||| 00| 0 eng d |
| 010 ## - LIBRARY OF CONGRESS CONTROL NUMBER | |
| LC control number | 2002112515 |
| 020 ## - INTERNATIONAL STANDARD BOOK NUMBER | |
| International Standard Book Number | 0870310860 |
| 035 ## - SYSTEM CONTROL NUMBER | |
| System control number | (DLC)12915630 |
| 082 00 - DEWEY DECIMAL CLASSIFICATION NUMBER | |
| Classification number | 624.18341 |
| Item number | EXA |
| 100 ## - MAIN ENTRY--PERSONAL NAME | |
| Personal name | 20080729 |
| 9 (RLIN) | 18970 |
| 245 00 - TITLE STATEMENT | |
| Title | Examples for the Design of Structural Concrete with Strut-and-Tie Models / |
| Statement of responsibility, etc | editor, Karl-Heinz Reineck. |
| 246 30 - VARYING FORM OF TITLE | |
| Title proper/short title | Strut-and-tie models |
| 260 ## - PUBLICATION, DISTRIBUTION, ETC. (IMPRINT) | |
| Place of publication, distribution, etc | Farmington Hills, Mich. : |
| Name of publisher, distributor, etc | American Concrete Institute,2002. |
| Date of publication, distribution, etc | 2002 |
| 300 ## - PHYSICAL DESCRIPTION | |
| Extent | vi, 242 p. : |
| Other physical details | ill. ; |
| Dimensions | 23 cm. |
| 490 1# - Series Statement | |
| Series statement | ACI international SP ; |
| Volume/sequential designation | 208 |
| -- | 18971 |
| 500 ## - GENERAL NOTE | |
| General note | "Prepared by members of ACI Subcommittee 445-1, Strut and Tie Models, for sessions at the Fall Convention in Phoenix, October 27 to November 1, 2002, and sponsored by Joint ACI-ASCE Committee 445, Shear and Torsion and ACI Committee 318-E, Shear and Torsion. |
| 650 #0 - SUBJECT ADDED ENTRY--TOPICAL TERM | |
| Topical term or geographic name as entry element | Reinforced concrete. |
| 9 (RLIN) | 18972 |
| 650 #0 - SUBJECT ADDED ENTRY--TOPICAL TERM | |
| Topical term or geographic name as entry element | Concrete beams. |
| 9 (RLIN) | 18973 |
| 650 #0 - SUBJECT ADDED ENTRY--TOPICAL TERM | |
| Topical term or geographic name as entry element | Struts (Engineering) |
| 9 (RLIN) | 18974 |
| 650 #0 - SUBJECT ADDED ENTRY--TOPICAL TERM | |
| Topical term or geographic name as entry element | Tie-rods. |
| 9 (RLIN) | 18975 |
| 700 1# - ADDED ENTRY--PERSONAL NAME | |
| Personal name | Reineck, Karl-Heinz. |
| 9 (RLIN) | 18976 |
| 710 2# - ADDED ENTRY--CORPORATE NAME | |
| Corporate name or jurisdiction name as entry element | American Concrete Institute. |
| Subordinate unit | Convention |
| 9 (RLIN) | 18977 |
| 710 2# - ADDED ENTRY--CORPORATE NAME | |
| Corporate name or jurisdiction name as entry element | American Concrete Institute. |
| Subordinate unit | Subcommittee 445-1, Strut and Tie Models. |
| 9 (RLIN) | 18978 |
| 830 #0 - SERIES ADDED ENTRY--UNIFORM TITLE | |
| Uniform title | Publication SP ; |
| 9 (RLIN) | 18979 |
| 942 ## - ADDED ENTRY ELEMENTS (KOHA) | |
| Item type | Book - Borrowing |
| Call number prefix | 624.18341EXA |
| Source of classification or shelving scheme | Dewey Decimal Classification |
| Withdrawn status | Item status | Source of classification or shelving scheme | Damaged status | Not for loan | Vendor | Home library | Current library | Shelving location | Date acquired | Source of acquisition | Cost, normal purchase price | Total Checkouts | Full call number | Barcode | Date last seen | Cost, replacement price | Koha item type |
|---|---|---|---|---|---|---|---|---|---|---|---|---|---|---|---|---|---|
| Dewey Decimal Classification | Central Library | Central Library | First floor | 13/09/2010 | Purchase | 520.00 | 624.18341 EXA | 000001434 | 15/07/2025 | 650.00 | Book - Borrowing |